[Event "AUT-ch 2018"]
[Site "Vienna"]
[Date "2018.07.23"]
[Round "3"]
[White "Peyrer, Konstantin"]
[Black "Pacher, Simon"]
[Result "0-1"]
[WhiteElo "2209"]
[BlackElo "2097"]
[Annotator "TA"]
[PlyCount "134"]
[EventDate "2018.07.22"]
[EventType "swiss"]
[EventCountry "AUT"]
[SourceTitle "playchess.com"]
[Source "ChessBase"]
[SourceQuality "1"]

{[%evp 13,134,27,29,9,26,0,-1,-81,-18,-22,-27,-16,-8,-33,70,0,0,8,16,8,14,0,0,0,0,0,-12,-24,15,10,65,0,58,60,68,54,39,0,0,-35,-27,-88,-91,-77,-51,-298,0,-364,-347,-350,-263,-372,-379,-387,-384,-375,-381,-371,-363,-328,-238,-273,-161,-562,-464,-471,-252,-304,-299,-322,-304,-355,-351,-692,-674,-621,-177,-177,-194,-12834,-394,-371,-281,-255,-255,-348,-174,-249,-246,-400,-401,-359,-377,-603,-588,-1448,-1543,-1594,-1550,-1244,-1070,-1435,-1325,-997,-1228,-1163,-1140,-12841,-12841,-12841,-12842,-12843,-12843,-12847,-12844,-12845,-12845,-12845,-12845,-29994,-29995,-29995,-29995]} 1. e4 e5 2. Nf3 Nc6 3. Bb5 a6 4. Ba4 Nf6 5. O-O b5 6. Bb3 Be7 7. d4 d6 {LiveBook: 142 Games} 8. a4 {Black should prevent axb5. C84: Closed Ruy Lopez: Unusual White 6th moves} (8. c3 O-O 9. Nbd2 Bg4 10. h3 Bh5 11. d5 Na5 12. Bc2 Qd7 13. Re1 c6 14. dxc6 Nxc6 15. Nf1 Bg6 16. Nh4 Rfd8 17. Nxg6 hxg6 {½-½ (71) McShane,L (2696)-Tazbir,M (2555) Warsaw 2013}) 8... Bg4 9. c3 (9. dxe5 {seems wilder.} Nxe5 10. Nbd2 O-O 11. h3 Bh5 12. g4) 9... O-O 10. Bg5 $146 (10. Be3 $11) ({Predecessor:} 10. d5 Na5 11. Bc2 c5 12. h3 Bh5 13. Nbd2 c4 14. Re1 Nd7 15. Nf1 Nc5 16. axb5 axb5 {0-1 (56) Milov,L (2492)-Agushi,A (2143) Zuerich 2014}) 10... Bxf3 (10... exd4 $1 $17 11. cxd4 Nxe4 12. Bxe7 Nxe7) 11. gxf3 $11 Nh5 12. Be3 $1 Na5 13. Ba2 Kh8 ({Better is} 13... Bg5 $15 14. dxe5 Bf4) 14. Nd2 (14. dxe5 $14 dxe5 15. Qxd8 Raxd8 16. axb5 axb5 17. Bd5) 14... c5 15. Bd5 Rc8 16. dxe5 dxe5 17. Qe2 c4 18. axb5 axb5 19. b4 Nc6 20. Ra6 Qd7 21. Rd1 Nb8 ({Black should play} 21... Rfd8 $11) 22. Ra7 (22. Rb6 $14) 22... Rc7 (22... Nf4 $11 23. Qf1 Rc7) 23. Rxc7 $14 Qxc7 24. Nb1 $1 {[%cal Rb1a3]} Nf4 25. Qf1 {Black must now prevent Na3.} Qc8 26. Kh1 Na6 27. Na3 (27. Bxf4 $11 {remains equal.} exf4 28. Qg2) 27... Nc7 $17 28. Bc6 {Hoping for Bxf4.} Qa6 $1 $36 {[%csl LRa3,LRc6][%mdl 2048] White is under pressure.} 29. Rd7 $2 (29. Bxf4 $1 $15 exf4 30. Rd7 Qxc6 31. Rxe7) 29... Bd8 $2 ({Black should try} 29... Qxc6 $19 30. Rxe7 Ng6 31. Rxc7 Qxc7 32. Nxb5 Qc6) 30. Bc5 $2 {[%mdl 8192]} (30. Bxf4 $1 $11 {and White is okay.} Qxc6 31. Qd1) 30... Rg8 $19 (30... Qxc6 31. Rxc7 Bxc7 32. Bxf8 $19) 31. Qd1 Nd3 (31... Qxc6 32. Rxd8 Nd3 33. Rxd3 $19) 32. Bxb5 (32. Nxc4 $142 bxc4 33. Qa4 Qxa4 34. Bxa4) 32... Qxa3 (32... Nxb5 33. Nxc4 Nxc5 34. Nxe5 $16) 33. Bxc4 Nb2 (33... Nxc5 34. bxc5 Ne6 35. Bxe6 $16) 34. Qe2 Nxc4 35. Qxc4 Ne6 36. Be3 Rf8 37. b5 {[#]} h5 (37... Bb6 $142 $1 {[%mdl 512] ...Bxe3 is the strong threat.} 38. Rd1 (38. Bxb6 Qc1+) 38... Qa7) 38. Qb4 $2 (38. Ra7 Qb2 39. Kg2) 38... Qa1+ 39. Kg2 {[#]} Ba5 (39... Bb6 $142 $1 {[%mdl 512]} 40. Bd2 (40. Bxb6 $2 Nf4+ 41. Kg3 Qg1+ 42. Kh4 g5#) 40... Ba5) 40. Qd6 Qxc3 (40... Bxc3 41. b6 $17) 41. b6 Bb4 42. Qd5 {intending b7.} Bc5 43. b7 $2 (43. Qd2 Qb3 44. Bxc5 Nxc5 45. Qd5 Qxb6 46. Rd6) 43... Bxe3 44. fxe3 Kg8 $2 (44... Qxe3 {( -> ...Nf4+)} 45. Qd1 Nf4+ 46. Kh1 Qf2) 45. Qd6 Qb2+ ({Inferior is} 45... Qxe3 {[#]} 46. Qxf8+ $1 {[%mdl 512]} Nxf8 47. b8=Q $11) 46. Kg3 $2 (46. Kf1) 46... g5 $2 (46... h4+ 47. Kh3 Qf2) 47. Qd2 Qxd2 48. Rxd2 {[%mdl 4096] Endgame Strongly threatening Rc2. KRN-KR} Rb8 49. Rd7 Nd8 (49... h4+ $142 50. Kg4 Kf8) 50. Rd5 (50. h4 $142) 50... f6 {[%cal Bf7f6,Bf6g5,Bg5g4][%mdl 32]} ({Weaker is} 50... Nxb7 51. Rxe5 h4+ 52. Kh3 $17) ({And not} 50... Rxb7 51. Rxd8+ Kg7 52. h4 $11) 51. f4 $2 (51. h4 gxh4+ 52. Kxh4) 51... Nf7 52. Rd7 Kf8 53. fxg5 (53. h4 $142 Ke8 54. Rc7 gxf4+ 55. exf4) 53... fxg5 54. h4 g4 55. Kg2 Kg7 56. Rc7 Kf6 57. Rd7 Ke6 58. Rc7 Nd6 59. Rh7 Nxe4 60. Rxh5 Rxb7 61. Rh6+ Kd5 62. Rg6 Rb2+ 63. Kg1 g3 64. h5 Rh2 65. h6 Kc4 66. Ra6 Ng5 67. Rf6 e4 {Precision: White = 30%, Black = 60%.} 0-1

[Event "AUT-ch 2018"]
[Site "Vienna"]
[Date "2018.07.23"]
[Round "3"]
[White "Hiermann, Dietmar"]
[Black "Schreiner, Peter"]
[Result "1-0"]
[WhiteElo "2202"]
[BlackElo "2467"]
[Annotator "TA"]
[PlyCount "53"]
[EventDate "2018.07.22"]
[EventType "swiss"]
[EventCountry "AUT"]
[SourceTitle "playchess.com"]
[Source "ChessBase"]
[SourceQuality "1"]

{[%evp 12,53,1,-18,-4,-15,-12,-7,-14,-34,0,-1,17,0,0,-41,16,0,22,0,0,0,0,0,6,-38,-35,-54,-20,-39,93,101,249,241,420,416,401,395,29995,29996,29996,29997,29997,29998]} 1. e4 e5 2. Nf3 Nc6 3. Bc4 Nf6 4. d3 Be7 5. Nc3 d6 6. h3 Na5 7. Be3 {LiveBook: 7 Games. C55: Two Knights: 4 d3, 4 d4 exd4 5 e5 and Max Lange Attack} (7. a3 Nxc4 8. dxc4 O-O 9. Qd3 b6 10. Be3 Bb7 11. g4 a6 12. Nd2 c6 13. O-O-O Qc7 14. f4 Rfd8 15. fxe5 dxe5 {½-½ (49) Cotonnec,M (2320)-Bailet,P (2525) Les Sables d'Olonne 2017}) 7... c6 8. a3 {[%cal Ba2a3,Ba3a4][%mdl 32]} (8. Bb3 {feels hotter.} O-O 9. O-O b5 10. Ne2 c5 11. Bd2) 8... Nxc4 9. dxc4 {The position is equal.} Qc7 $146 ({Predecessor:} 9... O-O 10. O-O Qc7 11. Qe2 h6 12. Rfd1 Be6 13. Rd2 a6 14. a4 Qa5 {1-0 (36) Iordanov,N (2211)-Amoyal,P (2188) France 2011}) 10. Qd3 a6 11. a4 $1 a5 12. Nd2 O-O 13. g3 Nd7 ({Black should play} 13... Be6 $15) 14. O-O-O $11 {[%cal Ba1d1,Bd1g1,Bg1g4,Bg4g7][%mdl 32]} Nc5 15. Qe2 b6 16. f4 exf4 17. gxf4 Bf6 {...Bxc3 is the strong threat.} 18. Rdg1 (18. Bxc5 $5 bxc5 19. Rhg1 $17) 18... Bxc3 19. bxc3 f6 20. f5 Rf7 {[#]} (20... Nxa4 $15 {keeps the upper hand.} 21. Rg2 Ra7) 21. Qh5 $1 $16 d5 {[#]} ({Not} 21... Nxa4 22. Rg4 $15) (21... Qe7 $16 {was worth a try.}) 22. Rg4 $1 $18 ({Weaker is} 22. cxd5 cxd5 23. Rg4 Nd3+ 24. Kd1 Nb2+ 25. Ke1 Qxc3 $19) 22... Nxe4 $2 (22... Qe7) 23. Nxe4 dxe4 24. Rhg1 {Intending Rxg7+! and mate.} Qd6 $2 {[#]} (24... Qe7 $18 25. Rh4 Bxf5) 25. Rxg7+ $1 {[%mdl 512] White mates.} Rxg7 26. Rxg7+ Kxg7 27. Bh6+ {Precision: White = 54%, Black = 31%.} 1-0

[Event "AUT-ch 2018"]
[Site "Vienna"]
[Date "2018.07.23"]
[Round "3"]
[White "Steiner, Bruno"]
[Black "Iro, Christian"]
[Result "1-0"]
[WhiteElo "2194"]
[BlackElo "2055"]
[Annotator "NA"]
[PlyCount "71"]
[EventDate "2018.07.22"]
[EventType "swiss"]
[EventCountry "AUT"]
[SourceTitle "playchess.com"]
[Source "ChessBase"]
[SourceQuality "1"]
[TimeControl "40/5400+30:1800+30"]

1. Nf3 {[%emt 0:00:14]} Nf6 {[%emt 0:00:07]} 2. e3 {[%emt 0:00:23]} e6 {[%emt 0:00:07]} 3. d4 {[%emt 0:01:14]} d5 {[%emt 0:00:06]} 4. Bd3 {[%emt 0:01:03]} Be7 {[%emt 0:00:09]} 5. b3 {[%emt 0:00:15]} O-O {[%emt 0:00:15]} 6. Bb2 {[%emt 0:00:04]} c5 {[%emt 0:00:31]} 7. O-O {[%emt 0:02:15]} Nc6 {[%emt 0:00:45]} 8. Nbd2 b6 {[%emt 0:02:44]} 9. a3 {[%emt 0:09:17]} Bb7 {[%emt 0:03:31]} 10. Qe2 {[%emt 0:03:58]} Rc8 {[%emt 0:06:47] D05: Damenbauernspiele (Colle-Aufbau)} (10... Qc7 11. Rac1 Rac8 12. c4 dxc4 13. bxc4 cxd4 14. exd4 Rfe8 15. Rfe1 Qb8 16. Ne4 Na5 17. Neg5 Qf4 18. Nxe6 fxe6 19. Qxe6+ {0-1 (33) Mamedyarov,S (2808)-Nakamura,H (2769) Paris 2018}) 11. Rad1 {[%emt 0:15:35]} Qc7 {[%emt 0:06:43]} 12. dxc5 {[%emt 0:03:57]} bxc5 {[%emt 0:00:51]} 13. e4 {[%emt 0:02:20]} d4 {[%emt 0:04:55]} 14. e5 {[%emt 0:05:32]} Nd5 {[%emt 0:01:18]} 15. Qe4 {[%emt 0:06:03]} g6 {[%emt 0:00:25]} 16. Nc4 $146 {[%emt 0:05:17]} ({Vorgänger:} 16. Rde1 a5 17. Qg4 a4 18. h4 axb3 19. cxb3 {0-1 (72) Hoang,T (2283)-Cao,S (2430) Ho Chi Minh City 2016}) 16... Ba8 {[%emt 0:10:57]} 17. Rde1 {[%emt 0:02:32]} Na5 {[%emt 0:01:37]} 18. Nxa5 {[%emt 0:06:10]} Qxa5 {[%emt 0:01:14]} 19. Qg4 {[%emt 0:00:28]} Bc6 {[%emt 0:02:55]} 20. Bc1 {[%emt 0:02:26]} Bb5 {[%emt 0:04:27]} 21. Bxb5 {[%emt 0:09:14]} Qxb5 {[%emt 0:00:01]} 22. Ng5 {[%emt 0:01:50]} Nc3 {[%emt 0:16:30]} 23. Qh3 {[%emt 0:01:45]} h5 {[%emt 0:01:59]} 24. Nxe6 {[%emt 0:03:03]} Rfe8 {[%emt 0:00:36]} 25. Nf4 {[%emt 0:02:45]} Bg5 {[%emt 0:00:58]} 26. Nd3 {[%emt 0:01:44]} Bxc1 {[%emt 0:01:52]} 27. Nxc1 {[%emt 0:00:00]} Nb1 {[%emt 0:03:42]} 28. f4 {[%emt 0:03:05]} Nxa3 {[%emt 0:03:50]} 29. f5 {[%emt 0:00:19]} Nxc2 30. fxg6 {[%emt 0:00:15]} fxg6 {[%emt 0:10:12]} 31. Rf6 {[%emt 0:00:19]} Kh7 {[%emt 0:06:28]} 32. Rf7+ {[%emt 0:00:05]} Kh8 {[%emt 0:02:05]} 33. Ref1 {[%emt 0:04:06]} Ne3 {[%emt 0:01:37]} 34. R1f6 {[%emt 0:06:37]} Qb4 {[%emt 0:01:08]} 35. Qg3 {[%emt 0:00:47]} Qd2 {[%emt 0:00:12]} (35... Ng4 $11 36. Rxg6 Rg8) 36. Rh7+ {[%emt 0:00:19] Qb4 Rhf7 Ng4} 1-0

[Event "AUT-ch 2018"]
[Site "Vienna"]
[Date "2018.07.23"]
[Round "3"]
[White "Bauer, Thomas"]
[Black "Pernerstorfer, Johannes"]
[Result "1-0"]
[WhiteElo "2181"]
[BlackElo "2066"]
[Annotator "NA"]
[PlyCount "87"]
[EventDate "2018.07.22"]
[EventType "swiss"]
[EventCountry "AUT"]
[SourceTitle "playchess.com"]
[Source "ChessBase"]
[SourceQuality "1"]
[TimeControl "40/5400+30:1800+30"]

1. e4 {[%emt 0:00:00]} c5 {[%emt 0:00:32]} 2. Nf3 {[%emt 0:00:00]} d6 {[%emt 0:01:07]} 3. Bb5+ {[%emt 0:00:00]} Nd7 {[%emt 0:00:20]} 4. O-O {[%emt 0:00:15]} e6 {[%emt 0:01:06] B51: Sicilian: Moscow Variation (3 Bb5+) without 3...Bd7} (4... a6 5. Bd3 Ngf6 6. c3 b5 7. a4 c4 8. Be2 Bb7 9. axb5 axb5 10. Rxa8 Bxa8 11. Na3 Bxe4 12. Nxb5 d5 {1-0 (28) Svidler,P (2753)-Nepomniachtchi,I (2757) Jerusalem 2018}) 5. Re1 {[%emt 0:00:18]} a6 {[%emt 0:01:12]} 6. Bf1 {[%emt 0:01:18]} Be7 $146 {[%emt 0:00:36]} ({Predecessor:} 6... Ngf6 7. c3 Be7 8. d4 O-O 9. Bg5 h6 10. Bh4 b6 11. Nbd2 Bb7 12. e5 Ne8 13. Bg3 cxd4 14. cxd4 dxe5 15. dxe5 Nc7 16. a3 {0-1 (34) Vidarsson,J (2340)-Stefansson,H (2540) Gardabaer 1996}) 7. c3 {[%emt 0:00:24]} b5 {[%emt 0:01:38]} 8. a4 {[%emt 0:01:48]} b4 {[%emt 0:00:38]} 9. d4 {[%emt 0:00:58]} Bb7 {[%emt 0:01:12]} 10. Nbd2 {[%emt 0:03:53]} Ngf6 {[%emt 0:01:09]} 11. Bd3 {[%emt 0:00:55]} h5 {[%emt 0:05:37]} 12. Nf1 {[%emt 0:04:23]} Qc7 {[%emt 0:00:32]} 13. Bg5 {[%emt 0:01:30]} c4 {[%emt 0:02:06]} 14. Bb1 {[%emt 0:02:08]} b3 {[%emt 0:00:49]} 15. e5 {[%emt 0:03:23]} dxe5 {[%emt 0:02:23]} 16. dxe5 {[%emt 0:01:46]} Ng4 {[%emt 0:00:49]} 17. Bxe7 {[%emt 0:03:44]} Kxe7 {[%emt 0:00:15]} 18. Nd4 {[%emt 0:08:01]} Ngxe5 {[%emt 0:09:09]} 19. Qd2 {[%emt 0:04:37]} Kf8 {[%emt 0:03:08]} 20. f4 {[%emt 0:06:39]} Ng4 {[%emt 0:00:47]} 21. h3 {[%emt 0:04:07]} e5 {[%emt 0:01:43]} 22. fxe5 {[%emt 0:03:20]} Ngxe5 {[%emt 0:00:22]} 23. Ne3 {[%emt 0:08:52]} Re8 {[%emt 0:12:52]} 24. Ndf5 {[%emt 0:05:04]} Re6 {[%emt 0:00:55]} 25. Qd4 {[%emt 0:01:27]} Rg6 {[%emt 0:02:14]} 26. Be4 {[%emt 0:04:21]} Bxe4 {[%emt 0:01:58]} 27. Qxe4 {[%emt 0:00:05]} Qc6 {[%emt 0:00:22]} 28. Nd5 {[%emt 0:02:18]} Rg5 {[%emt 0:07:06]} 29. Rad1 {[%emt 0:02:33]} g6 {[%emt 0:02:59]} 30. Nd4 {[%emt 0:03:39]} Qd6 {[%emt 0:01:24]} 31. Nf4 {[%emt 0:06:09]} Qe7 {[%emt 0:05:05]} 32. Kh1 {[%emt 0:01:48]} Kg7 {[%emt 0:01:28]} 33. Nf3 {[%emt 0:02:13]} Rf5 {[%emt 0:02:28]} 34. Rxd7 {[%emt 0:03:42]} Qxd7 {[%emt 0:00:32]} 35. Nxe5 {[%emt 0:00:11]} Qd2 {[%emt 0:00:43]} 36. Rf1 {[%emt 0:04:07]} Re8 {[%emt 0:04:47]} 37. Nxh5+ {[%emt 0:05:43]} Kf8 {[%emt 0:08:13]} 38. Nxg6+ {[%emt 0:02:02]} fxg6 {[%emt 0:00:12]} 39. Rxf5+ {[%emt 0:00:07]} gxf5 {[%emt 0:00:09]} 40. Qxf5+ {[%emt 0:00:06]} Ke7 {[%emt 0:30:34]} 41. Qe5+ {[%emt 0:31:55]} Kd8 {[%emt 0:00:11]} 42. Qb8+ {[%emt 0:00:40]} Ke7 $18 {[%emt 0:02:46]} 43. Qc7+ {[%emt 0:00:00]} Qd7 {[%emt 0:00:00]} 44. Qxd7+ {Kd8} 1-0

[Event "AUT-ch 2018"]
[Site "Vienna"]
[Date "2018.07.23"]
[Round "3"]
[White "Newrkla, Katharina"]
[Black "Fauland, Alexander"]
[Result "0-1"]
[WhiteElo "2175"]
[BlackElo "2419"]
[Annotator "TA"]
[PlyCount "80"]
[EventDate "2018.07.22"]
[EventType "swiss"]
[EventCountry "AUT"]
[SourceTitle "playchess.com"]
[Source "ChessBase"]
[SourceQuality "1"]

{[%evp 9,80,97,100,90,77,49,90,44,47,43,39,21,72,62,85,80,77,77,91,88,90,62,65,73,81,48,110,108,138,141,137,110,110,110,110,110,110,103,138,96,96,96,100,53,69,31,59,21,29,22,39,-130,-136,-125,-134,-111,-108,-140,-133,-245,-170,-344,-342,-421,-282,-375,-406,-697,-415,-427,-415,-548,-423]} 1. e4 d6 2. d4 Nf6 3. Nc3 Nbd7 4. g4 {[%cal Bg2g4,Bg4g5][%mdl 32]} Nb6 (4... h6 5. h3 e5 6. Nge2 g6 7. Bg2 Bg7 8. Be3 c6 9. Qd2 Qe7 10. O-O h5 11. g5 Nh7 12. a4 {1-0 (48) Bosiocic,M (2624)-Bortnyk,O (2610) Riadh 2017}) 5. g5 Nfd7 {LiveBook: 3 Games} 6. Be3 {B07: Pirc Defence: Miscellaneous Systems} e5 7. d5 $146 ({Predecessor:} 7. Nf3 Be7 8. h4 c6 9. h5 Qc7 10. Qd2 Nf8 11. h6 gxh6 12. Rxh6 {1-0 (30) Van Haastert,E (2429)-Carlier,B (2440) Netherlands 2015}) 7... g6 8. Qd2 {White is better.} f5 9. gxf6 Nxf6 10. f3 c5 (10... Nh5 $11) 11. a4 $16 {[%cal Ba2a4,Ba4a5][%mdl 32]} a6 12. a5 Nbd7 13. Nh3 {[%cal Bg1h3,Bh3f2,Bf2g4,Bg4e3,Be3c4][%mdl 32]} h6 14. Nf2 Nh5 15. Ng4 Qh4+ 16. Bf2 Qe7 17. Ne3 Nf4 (17... Qf7 $14) 18. Nc4 h5 19. Be3 Bh6 20. O-O-O O-O 21. Kb1 Kh7 22. h4 Rb8 23. Na4 Rf7 24. Be2 Nf6 {[%cal Bd7f6,Bf6e8,Be8c7][%mdl 32]} 25. Rdg1 Bd7 26. Nc3 Ne8 27. Rg3 Nc7 28. Nb6 Be8 29. Bf1 Na8 30. Qe1 $2 (30. Nc4 $14 {stays ahead.}) 30... Nxb6 $17 31. axb6 Qd8 32. Bh3 Qxb6 33. Be6 Rf6 34. Qd2 {[#]} (34. Rhg1 $17 {might work better.}) 34... Qa5 $1 $19 35. Rhg1 $2 {[#]} (35. Qf2) 35... b5 $1 {[%cal Bb7b5,Bb5b4][%mdl 32]} 36. Qe1 c4 ({Stronger than} 36... Nxe6 37. dxe6 Bf8 38. e7 $11) 37. Qf2 {Bxf4 is the strong threat.} b4 38. Na2 (38. Bxf4 $142 Rb7 39. Ne2 (39. Bxh6 bxc3 40. Bg8+ Kxg8 $19) 39... Rxf4 40. Nc1) 38... Qc7 39. Nc1 Rb7 ({Weaker is} 39... Nxe6 40. Bxh6 Kxh6 41. dxe6 $17) 40. Bh3 a5 {Precision: White = 43%, Black = 66%.} 0-1

[Event "AUT-ch 2018"]
[Site "Vienna"]
[Date "2018.07.23"]
[Round "3"]
[White "Schnegg, Anna-Lena"]
[Black "Tauber, Andreas"]
[Result "1-0"]
[WhiteElo "2175"]
[BlackElo "1993"]
[Annotator "ChessBase"]
[PlyCount "79"]
[EventDate "2018.07.22"]
[EventType "swiss"]
[EventCountry "AUT"]
[SourceTitle "playchess.com"]
[Source "ChessBase"]
[SourceQuality "1"]
[TimeControl "40/5400+30:1800+30"]

1. g3 {[%emt 0:00:00]} d5 {[%emt 0:00:40]} 2. f4 {[%emt 0:00:00]} c5 {[%emt 0:02:05]} 3. Nf3 {[%emt 0:00:00]} Nc6 {[%emt 0:00:29]} 4. Bg2 {[%emt 0:00:06]} Nf6 {[%emt 0:01:23]} 5. O-O {[%emt 0:00:59]} Qc7 {[%emt 0:07:18]} 6. d3 {[%emt 0:03:54]} e5 {[%emt 0:09:49]} 7. e4 {[%emt 0:05:59]} Bg4 {[%emt 0:16:24]} 8. exd5 {[%emt 0:07:38]} Nxd5 {[%emt 0:03:03]} 9. Qe1 {[%emt 0:04:32]} Bxf3 {[%emt 0:01:47]} 10. Bxf3 {[%emt 0:00:54]} O-O-O {[%emt 0:02:37]} 11. fxe5 {[%emt 0:14:20]} Qxe5 {[%emt 0:07:56]} 12. Qf2 {[%emt 0:06:02]} f6 {[%emt 0:08:37]} 13. Nc3 {[%emt 0:02:14]} Nde7 {[%emt 0:10:57]} 14. Bg4+ {[%emt 0:15:25]} f5 {[%emt 0:00:30]} 15. Bxf5+ {[%emt 0:00:53]} Nxf5 {[%emt 0:00:38]} 16. Qxf5+ {[%emt 0:00:10]} Qxf5 {[%emt 0:00:08]} 17. Rxf5 {[%emt 0:00:07]} Nd4 {[%emt 0:01:07]} 18. Rf2 {[%emt 0:01:52]} c4 {[%emt 0:04:14]} 19. dxc4 {[%emt 0:02:33]} Bc5 {[%emt 0:00:55]} 20. Kg2 {[%emt 0:00:26]} Rhf8 {[%emt 0:01:10]} 21. Be3 {[%emt 0:07:42]} Rxf2+ {[%emt 0:05:04]} 22. Bxf2 {[%emt 0:00:26]} Nxc2 {[%emt 0:00:36]} 23. Rd1 {[%emt 0:01:14]} Bxf2 {[%emt 0:02:21]} 24. Rxd8+ {[%emt 0:02:53]} Kxd8 {[%emt 0:00:02]} 25. Kxf2 {[%emt 0:00:08]} Kc7 {[%emt 0:00:48]} 26. Ke2 {[%emt 0:01:39]} Nd4+ {[%emt 0:02:49]} 27. Ke3 {[%emt 0:00:51]} Ne6 {[%emt 0:00:48]} 28. Ke4 {[%emt 0:01:18]} Kd6 {[%emt 0:01:01]} 29. b3 {[%emt 0:05:52]} a6 {[%emt 0:01:43]} 30. h4 {[%emt 0:00:46]} Nc5+ {[%emt 0:01:08]} 31. Kf5 {[%emt 0:02:12]} Nd3 {[%emt 0:02:02]} 32. Ne4+ {[%emt 0:01:59]} Ke7 {[%emt 0:00:53]} 33. Nc3 {[%emt 0:01:44]} Kd6 {[%emt 0:01:11]} 34. g4 Nb4 {[%emt 0:01:43]} 35. g5 {[%emt 0:01:44]} Nc6 {[%emt 0:00:17]} 36. Ne4+ {[%emt 0:01:52]} Ke7 {[%emt 0:00:50]} 37. Nc5 {[%emt 0:02:00]} g6+ {[%emt 0:00:36]} 38. Ke4 {[%emt 0:00:45]} Nd8 {[%emt 0:00:47]} 39. Kd5 {[%emt 0:01:32]} a5 {[%emt 0:01:01]} 40. a3 {[%emt 0:01:12]} 1-0

[Event "AUT-ch 2018"]
[Site "Vienna"]
[Date "2018.07.23"]
[Round "3"]
[White "Steiner, Adam"]
[Black "Froewis, Georg"]
[Result "0-1"]
[WhiteElo "2174"]
[BlackElo "2427"]
[Annotator "TA"]
[PlyCount "94"]
[EventDate "2018.07.22"]
[EventType "swiss"]
[EventCountry "AUT"]
[SourceTitle "playchess.com"]
[Source "ChessBase"]
[SourceQuality "1"]

{[%evp 11,93,29,45,39,42,34,74,70,70,59,78,76,72,31,60,67,68,63,87,74,69,61,62,0,18,8,0,-54,-53,-108,-58,-62,-62,-143,-139,-227,-124,-133,-83,-129,-104,-135,-131,-130,-129,-129,-119,-130,-121,-134,-74,-126,-119,-129,-128,-149,-137,-163,-162,-208,-193,-288,-200,-205,-141,-161,-106,-135,-100,-114,0,-105,-99,-642,-604,-29988,-29989,-29995,-29996,-29997,-29998,-29998,-29999,-29999]} 1. e4 c5 2. c3 e6 3. d4 d5 4. exd5 exd5 5. Nf3 a6 6. Bd3 Bd6 {LiveBook: 3 Games. B22: Sicilian: 2 c3} (6... c4 7. Bc2 Bd6 8. Ne5 Qf6 9. O-O Ne7 10. Qh5 g6 11. Bg5 Qe6 12. Qh4 Bxe5 13. dxe5 Nd7 14. Nd2 {1-0 (23) Kokarev,D (2635)-Grachev,B (2666) Sochi 2015}) 7. dxc5 Bxc5 8. O-O Ne7 {White is slightly better.} 9. Nbd2 {[%cal Bb1d2,Bd2b3,Bb3d4][%mdl 32]} Nbc6 10. Nb3 Ba7 $146 ({Predecessor:} 10... Bd6 11. h3 h6 12. Nfd4 Bc7 13. f4 Qd6 14. Be3 {0-1 (65) Ehlert,J (1936)-Ackermann,H (2302) Dresden 2012}) 11. Re1 O-O 12. Nbd4 Qd6 13. Be3 Bb8 14. g3 h6 15. Nh4 Ne5 16. Bc2 Qf6 17. f4 Nc4 $1 18. Qd3 {[%csl Gc2][%cal Rd3h7] [#]} g6 19. Bc1 ({White should play} 19. Bf2 $11) 19... Ba7 $15 20. b3 (20. Kh1 $15) 20... Bf5 21. Nhxf5 Nxf5 22. Rd1 (22. Rb1 $15 Nxd4 23. cxd4 Bxd4+ 24. Kh1) 22... Ncd6 $17 23. Ba3 (23. Bb2 $17 {keeps fighting.}) 23... Rfe8 (23... Ne4 $19 24. Bxf8 Kxf8) 24. Bxd6 Qxd6 25. Re1 Qf6 26. Kf1 {[%cal Rd4f5]} Bxd4 27. cxd4 Nxd4 28. Rad1 Rxe1+ 29. Rxe1 Rd8 30. Re5 Nf5 (30... Nxc2 $142 31. Qxc2 d4) 31. Qd2 (31. Qe2 $142) 31... Ne7 32. Be4 Kg7 33. Kg2 b6 34. Bf3 d4 35. Qe1 Nf5 36. Qe4 (36. Kf2 {was worth a try.}) 36... a5 37. Be2 Ne3+ 38. Kf3 h5 ({Better is} 38... Qd6 $19 {And now ...Qd7 would win.} 39. Bd3 Rc8) 39. h3 Nf5 40. Bd3 Ne3 (40... Rc8 $17 {...Rc1 is the strong threat.} 41. g4 hxg4+ 42. hxg4 Rh8) 41. Qb7 (41. Be2 $1 $11 {keeps the balance.}) 41... Qd6 $36 {[%mdl 2048] Black is in control.} 42. Rb5 $2 {[%mdl 8192] [#]} (42. Re7 $17 Qd5+ 43. Kf2) 42... Qe6 $19 43. Rxb6 Qxh3 {[%csl Ge3][%cal Rh3g2] Black mates.} 44. Kf2 Qh2+ 45. Ke1 Qg1+ 46. Ke2 Qf1+ 47. Kd2 Qd1# {Precision: White = 26%, Black = 47%.} 0-1

[Event "AUT-ch 2018"]
[Site "Vienna"]
[Date "2018.07.23"]
[Round "3"]
[White "Polterauer, Chiara"]
[Black "Konecny, Sophie"]
[Result "1-0"]
[WhiteElo "2169"]
[BlackElo "1889"]
[Annotator "NA"]
[PlyCount "43"]
[EventDate "2018.07.22"]
[EventType "swiss"]
[EventCountry "AUT"]
[SourceTitle "playchess.com"]
[Source "ChessBase"]
[SourceQuality "1"]
[TimeControl "40/5400+30:1800+30"]

1. e4 {[%emt 0:00:00]} b6 {[%emt 0:00:06]} 2. d4 {[%emt 0:02:13]} Bb7 {[%emt 0:00:05]} 3. Bd3 {[%emt 0:00:37]} e6 {[%emt 0:00:48]} 4. Nf3 {[%emt 0:01:59]} d5 {[%emt 0:03:17]} 5. exd5 {[%emt 0:06:32]} exd5 {[%emt 0:01:07]} 6. O-O {[%emt 0:01:00]} Be7 {[%emt 0:01:40]} 7. Re1 {[%emt 0:02:02]} Nf6 {[%emt 0:01:06]} 8. Qe2 {[%emt 0:00:32]} Ne4 {[%emt 0:03:45]} 9. c4 {[%emt 0:01:48]} Bb4 {[%emt 0:10:29]} 10. Bd2 {[%emt 0:04:34]} Bxd2 {[%emt 0:01:20]} 11. Nbxd2 {[%emt 0:00:29]} O-O {[%emt 0:03:05]} 12. Nxe4 {[%emt 0:00:29]} dxe4 {[%emt 0:00:41]} 13. Bxe4 {[%emt 0:00:08]} c6 {[%emt 0:02:58]} 14. Rad1 {[%emt 0:03:43]} Nd7 {[%emt 0:01:30]} 15. Ne5 {[%emt 0:01:41]} Re8 {[%emt 0:01:57]} 16. Bxh7+ {[%emt 0:05:35]} Kf8 {[%emt 0:03:57]} 17. Qf3 {[%emt 0:01:54]} Nxe5 {[%emt 0:02:39]} 18. dxe5 {[%emt 0:00:47]} Qc7 {[%emt 0:00:32]} 19. e6 {[%emt 0:02:22]} c5 {[%emt 0:01:01]} 20. Qf5 {[%emt 0:08:38]} Re7 {[%emt 0:01:52]} 21. Bg6 {[%emt 0:02:04]} Qc6 {[%emt 0:01:55]} 22. f3 {[%emt 0:00:18]} 1-0